[Event "Barcelona Sant Marti op-A 25th"]
[Site "Barcelona"]
[Date "2025.07.17"]
[Round "5"]
[White "Kelaskar, Chinmay"]
[Black "Canal Oliveras, Joan"]
[Result "1/2-1/2"]
[WhiteElo "1881"]
[BlackElo "2133"]
[PlyCount "75"]
[EventDate "2025.07.13"]
[EventType "swiss"]
[EventRounds "9"]
[EventCountry "ESP"]
[SourceTitle "CB30_2025"]
[SourceDate "2025.07.23"]
[SourceVersion "1"]
[SourceVersionDate "2025.07.23"]
[SourceQuality "1"]

1. d4 d5 2. Nf3 Nc6 3. g3 Bg4 4. Bg2 Qd7 5. Ne5 Nxe5 6. dxe5 0-0-0 7. Qd4 b6 8. Nc3 c6 9. h4 h5 10. Bf4 e6 11. e4 c5 12. Qd2 dxe4 13. Qxd7+ Rxd7 14. Bxe4 Ne7 15. Nb5 Nd5 16. f3 Bf5 17. 0-0-0 Bxe4 18. fxe4 Nxf4 19. gxf4 Rxd1+ 20. Rxd1 a6 21. Nd6+ Bxd6 22. exd6 Rh6 23. Rg1 Rf6 24. Rxg7 Rxf4 25. e5 Rf5 26. Kd2 Rxe5 27. Rxf7 Re4 28. Re7 e5 29. b3 Rxh4 30. Rxe5 Kd7 31. Rg5 Kxd6 32. Rg6+ Kc7 33. Rh6 Rh1 34. a4 a5 35. Kc3 Rh2 36. Kd3 h4 37. Kc3 Kb7 38. Kd3 1/2-1/2

[Event "Kalyan op 2nd"]
[Site "Kalyan"]
[Date "2019.02.02"]
[Round "9"]
[White "Borase, Manoj"]
[Black "Kelaskar, Chinmay"]
[Result "0-1"]
[WhiteElo "1539"]
[BlackElo "1764"]
[PlyCount "156"]
[EventDate "2019.01.29"]
[EventType "swiss"]
[EventRounds "10"]
[EventCountry "IND"]
[SourceTitle "CBM 188 Extra"]
[Source "ChessBase"]
[SourceDate "2019.02.28"]
[SourceVersion "1"]
[SourceVersionDate "2019.02.28"]
[SourceQuality "1"]

1. d4 Nf6 2. c4 g6 3. Nc3 d5 4. cxd5 Nxd5 5. e4 Nxc3 6. bxc3 Bg7 7. Bg5 c5 8. Nf3 Nc6 9. Bb5 Qa5 10. Bxc6+ bxc6 11. 0-0 Bg4 12. h3 Bxf3 13. Qxf3 cxd4 14. e5 Qxc3 15. Qe4 Qc5 16. Rac1 Qd5 17. Qxd5 cxd5 18. Rc7 0-0 19. Rxe7 Rfe8 20. Rd1 Bxe5 21. Rd7 Rab8 22. Rxa7 Ra8 23. Rd7 Rxa2 24. Rxd5 f6 25. f4 Bb8 26. Bxf6 Bxf4 27. Bxd4 Ree2 28. Kf1 Rxg2 29. Bg1 Rg3 30. R5d3 Rag2 31. Rxg3 Rxg3 32. Bh2 Rxh3 33. Rd8+ Kf7 34. Bxf4 Rf3+ 35. Kg2 Rxf4 36. Rd7+ Kg8 37. Kg3 Rf7 38. Rd8+ Kg7 39. Kg4 h6 40. Ra8 h5+ 41. Kg3 Kh6 42. Ra6 Kg5 43. Ra5+ Rf5 44. Ra4 h4+ 45. Kh3 Rf3+ 46. Kg2 Rf4 47. Ra6 Kh5 48. Rb6 g5 49. Kh3 Rf3+ 50. Kg2 Kg4 51. Rb4+ Rf4 52. Rb3 h3+ 53. Kh2 Rf2+ 54. Kg1 Rf3 55. Rb1 Kg3 56. Rd1 g4 57. Ra1 Kh4 58. Ra4 Kg5 59. Ra5+ Rf5 60. Ra8 g3 61. Ra4 h2+ 62. Kg2 Rf2+ 63. Kxg3 h1Q 64. Kxf2 Qd1 65. Re4 Qd3 66. Re3 Qd4 67. Kf3 Kf5 68. Ke2 Kf4 69. Rf3+ Ke4 70. Rg3 Qb2+ 71. Kf1 Qh2 72. Rg2 Qh3 73. Kg1 Qe3+ 74. Kh1 Qe1+ 75. Kh2 Kf3 76. Rc2 Qh4+ 77. Kg1 Qd4+ 78. Kh2 Qd6+ 0-1